Top TV Witches Quiz Stats

 Plays Quiz not verified by Sporcle

Score 0/20 Timer 09:00
0 Plays Today
Rank Witch Character Name % Correct
5.Sabrina Spellman
80.7%
1.Samantha Stephens
73.1%
3.Piper Halliwell
57.8%
10.Prue Halliwell
53.8%
7.Phoebe Halliwell
53.6%
2.Willow Rosenberg
48.5%
13.Paige Matthews
45.9%
9.Endora
27.6%
14.Endora Lenox
27.6%
6.Tabitha Lenox
23.7%
Rank Witch Character Name % Correct
12.Tabitha Stephens
23.7%
20.Alex Russo
12.1%
15.Witch Hazel
9.5%
11.Mildred Hubble
8.6%
8.Wilhelmina W. Witchiepoo
8.4%
4.Grandmama Addams
5.3%
19.Miss Cackle
3.5%
17.Amanda Tucker
3%
18.Marge Simpson
2.8%
16.Ella Dee
2.1%

You're not logged in!

Compare scores with friends on all Sporcle quizzes.
OR
Log In

Show Comments

Extras

Top Quizzes Today


Score Distribution

Your Account Isn't Verified!

In order to create a playlist on Sporcle, you need to verify the email address you used during registration. Go to your Sporcle Settings to finish the process.

Report this User

Report this user for behavior that violates our Community Guidelines.

Details: